[Event "9th EUROPEAN  INDIVIDUAL  WOME"]
[Site "Plovdiv, Bulgaria"]
[Date "2008.04.21"]
[Round "1"]
[Board "1"]
[White "Gara, Anita"]
[Black "Grapsa, Georgia"]
[Result "1/2-1/2"]
[WhiteElo "2331"]
[BlackElo "2098"]
[PlyCount "104"]
[EventDate "2008.04.21"]
[EventRounds "11"]
[EventCountry "BUL"]

1.e4 c5 2.Nf3 d6 3.d4 Nf6 4.dxc5 Nxe4 5.cxd6 Nc6 6.dxe7 Qxd1+ 7.Kxd1 Bxe7 8.Be3
Bf5 9.Bd3 O-O-O 10.Ke2 Bf6 11.Nbd2 Rhe8 12.Nxe4 Bxe4 13.Bxe4 Rxe4 14.c3 Ne7
15.Rad1 Nd5 16.Rhe1 g5 17.Kf1 Nxe3+ 18.fxe3 Rxd1 19.Rxd1 Rxe3 20.Rd6 Re6 21.Rxe6
fxe6 22.Nd2 Be5 23.Ne4 g4 24.Kf2 h5 25.Nc5 b6 26.Nxe6 Kd7 27.Nf8+ Kd6 28.Ng6 Bf6
29.Ke3 b5 30.Ke4 b4 31.cxb4 Bxb2 32.a4 Bc3 33.b5 Be1 34.Ne5 Bf2 35.a5 Bg1 36.h3
gxh3 37.gxh3 Bf2 38.Nd3 Bh4 39.Nf4 Bd8 40.a6 Bb6 41.Nxh5 Kc5 42.Nf6 Kxb5 43.h4
Bc5 44.h5 Bf8 45.Nh7 Bg7 46.Ng5 Kxa6 47.Ne6 Bh8 48.Ng5 Kb6 49.Nf7 a5 50.Nxh8 a4
51.Nf7 a3 52.h6 a2

[Event "9th EUROPEAN  INDIVIDUAL  WOME"]
[Site "Plovdiv, Bulgaria"]
[Date "2008.04.21"]
[Round "1"]
[Board "1"]
[White "De Rosa, Maria"]
[Black "Romanko, Marina"]
[Result "0-1"]
[WhiteElo "2094"]
[BlackElo "2325"]
[PlyCount "74"]
[EventDate "2008.04.21"]
[EventRounds "11"]
[EventCountry "BUL"]

1.e4 c5 2.Nf3 d6 3.d4 cxd4 4.Nxd4 Nf6 5.Nc3 a6 6.a4 e5 7.Nb3 Be6 8.Be2 Be7 9.O-O
Nbd7 10.a5 O-O 11.Be3 Qc7 12.Ra4 Qc6 13.f4 Bd8 14.f5 Bxb3 15.cxb3 b5 16.axb6
Bxb6 17.Qc1 Bxe3+ 18.Qxe3 Nc5 19.Rc4 Qb7 20.b4 Ncd7 21.Na4 Rfc8 22.Rfc1 Rxc4
23.Rxc4 Rc8 24.Rxc8+ Qxc8 25.Nc3 Qb7 26.g4 h6 27.h4 Qxb4 28.g5 hxg5 29.hxg5 Nh7
30.Bxa6 Qxb2 31.g6 fxg6 32.Bc4+ Kf8 33.fxg6 Nhf6 34.Qh3 Qc1+ 35.Kf2 Qxc3 36.Qe6
Nxe4+ 37.Kg2 Qg3+

[Event "9th EUROPEAN  INDIVIDUAL  WOME"]
[Site "Plovdiv, Bulgaria"]
[Date "2008.04.21"]
[Round "1"]
[Board "1"]
[White "Sandu, Mihaela"]
[Black "Foisor, Mihaela Veronica"]
[Result "1-0"]
[WhiteElo "2325"]
[BlackElo "2088"]
[PlyCount "66"]
[EventDate "2008.04.21"]
[EventRounds "11"]
[EventCountry "BUL"]

1.e4 e6 2.d4 d5 3.Nc3 Bb4 4.exd5 exd5 5.Bd3 Nc6 6.a3 Bxc3+ 7.bxc3 Nge7 8.Qf3 O-O
9.Ne2 Be6 10.O-O Qd7 11.h3 Na5 12.Ng3 c5 13.dxc5 Qc6 14.Nh5 f6 15.Re1 Ng6 16.Be3
Rfe8 17.Qg3 Bf7 18.Bd4 Nc4 19.f4 Qc7 20.Qg4 Rxe1+ 21.Rxe1 Be8 22.Bxf6 gxf6 23.f5
Qg7 24.fxg6 Bxg6 25.Nf4 Bf7 26.Qxg7+ Kxg7 27.Re7 Na5 28.Ne6+ Kg8 29.Nd4 Re8
30.Rd7 Bg6 31.Rd6 Rf8 32.Nf3 Nc4 33.Rd7 Na5

[Event "9th EUROPEAN  INDIVIDUAL  WOME"]
[Site "Plovdiv, Bulgaria"]
[Date "2008.04.21"]
[Round "1"]
[Board "1"]
[White "Bednikova, Stefi"]
[Black "Galojan, Lilit"]
[Result "1-0"]
[WhiteElo "2086"]
[BlackElo "2324"]
[PlyCount "121"]
[EventDate "2008.04.21"]
[EventRounds "11"]
[EventCountry "BUL"]

1.e4 e5 2.Nf3 Nc6 3.Bb5 a6 4.Ba4 Nf6 5.O-O Be7 6.Re1 b5 7.Bb3 d6 8.c3 O-O 9.h3
Na5 10.Bc2 c5 11.d4 Qc7 12.d5 Bd7 13.a4 b4 14.Nbd2 bxc3 15.bxc3 g6 16.Bd3 Rfb8
17.Bf1 Nh5 18.g3 Ng7 19.Kh2 f5 20.Nc4 Bf6 21.Bg5 Bxg5 22.Nxg5 Nxc4 23.Bxc4 Rb2
24.Re2 Rxe2 25.Qxe2 Qa5 26.Qb2 Qd8 27.Ne6 Rb8 28.Qd2 Qf6 29.exf5 Qxf5 30.g4 Qe4
31.Bxa6 Ra8 32.Bd3 Qf3 33.Ng5 Qf6 34.a5 h6 35.Ne4 Qh4 36.Qe2 h5 37.f3 hxg4
38.fxg4 Nh5 39.gxh5 Qxh3+ 40.Kg1 Kg7 41.Qf1 Qe3+ 42.Qf2 Qxd3 43.Qf6+ Kg8
44.Qxg6+ Kh8 45.Qh6+ Kg8 46.Qg5+ Kh8 47.Nf6 Bf5 48.Rf1 Bh7 49.Ne8 Rxe8 50.Qf6+
Kg8 51.Qf7+ Kh8 52.Qxe8+ Bg8 53.Rf8 Qg3+ 54.Kf1 Qd3+ 55.Kf2 Qd2+ 56.Kg3 Qxc3+
57.Kg4 Qd4+ 58.Kg5 Qg1+ 59.Kf6 Qg7+ 60.Kf5 Qh7+ 61.Qg6

[Event "9th EUROPEAN  INDIVIDUAL  WOME"]
[Site "Plovdiv, Bulgaria"]
[Date "2008.04.21"]
[Round "1"]
[Board "1"]
[White "Kursova, Maria"]
[Black "Bensdorp, Laura"]
[Result "1-0"]
[WhiteElo "2322"]
[BlackElo "2085"]
[PlyCount "83"]
[EventDate "2008.04.21"]
[EventRounds "11"]
[EventCountry "BUL"]

1.d4 f5 2.g3 Nf6 3.Bg2 g6 4.c4 Bg7 5.Nc3 O-O 6.Nh3 d6 7.d5 e5 8.dxe6 c6 9.O-O
Na6 10.Bf4 Ne8 11.Ng5 Qe7 12.e4 h6 13.Nf7 g5 14.Bxd6 Nxd6 15.Nxd6 Bxe6 16.exf5
Rad8 17.fxe6 Rxd6 18.Qc2 Rxe6 19.Rad1 Nc5 20.b4 Bxc3 21.Qxc3 Ne4 22.Qd4 a6 23.c5
Nf6 24.a4 Re2 25.Qc4+ Kg7 26.Rd6 Rf7 27.b5 axb5 28.axb5 cxb5 29.Qxb5 Qe5 30.Qc4
Rc7 31.Rb6 Qxc5 32.Qxc5 Rxc5 33.Rxb7+ Kg6 34.Rb6 Kg7 35.Ra1 Rf5 36.Ra7+ Kf8
37.Rb8+ Re8 38.Rbb7 Ng4 39.Bc6 Rc8 40.h3 Ne5 41.Rh7 Ng6 42.Be4

[Event "9th EUROPEAN  INDIVIDUAL  WOME"]
[Site "Plovdiv, Bulgaria"]
[Date "2008.04.21"]
[Round "1"]
[Board "1"]
[White "Efroimski, Marsel"]
[Black "Mamedjarova, Zeinab"]
[Result "1/2-1/2"]
[WhiteElo "2081"]
[BlackElo "2322"]
[PlyCount "75"]
[EventDate "2008.04.21"]
[EventRounds "11"]
[EventCountry "BUL"]

1.e4 d6 2.d4 Nd7 3.Nc3 e5 4.Nge2 Ngf6 5.f3 Be7 6.Be3 c6 7.g4 h5 8.g5 Nh7 9.h4
exd4 10.Bxd4 Rg8 11.Ng3 g6 12.f4 Qc7 13.Qf3 Nhf8 14.f5 Ne5 15.Bxe5 dxe5 16.Bc4
Bb4 17.fxg6 Rxg6 18.Nxh5 Be6 19.Bxe6 Nxe6 20.Nf6+ Ke7 21.O-O-O Kf8 22.Ne2 Be7
23.Nd7+ Kg8 24.Qf5 Ng7 25.Qxe5 Qxe5 26.Nxe5 Re6 27.Ng4 Rxe4 28.Nh6+ Kh7 29.Nc3
Rxh4 30.Nxf7 Rxh1 31.Rxh1+ Kg6 32.Ne5+ Kxg5 33.Rg1+ Kf6 34.Ng4+ Ke6 35.Re1+ Kd6
36.Ne4+ Kc7 37.Rh1 Nf5 38.Rf1

[Event "9th EUROPEAN  INDIVIDUAL  WOME"]
[Site "Plovdiv, Bulgaria"]
[Date "2008.04.21"]
[Round "1"]
[Board "1"]
[White "Akatova, Ekaterina"]
[Black "Kazimova, Narmin"]
[Result "0-1"]
[WhiteElo "2320"]
[BlackElo "2071"]
[PlyCount "112"]
[EventDate "2008.04.21"]
[EventRounds "11"]
[EventCountry "BUL"]

1.e4 c5 2.Nf3 d6 3.d4 cxd4 4.Nxd4 Nf6 5.Nc3 a6 6.f3 e6 7.Be3 b5 8.Qd2 Nbd7 9.g4
Nb6 10.g5 Nfd7 11.a4 Nc4 12.Bxc4 bxc4 13.h4 Bb7 14.h5 Qa5 15.Rh2 Ne5 16.Qe2 Qb4
17.O-O-O Rb8 18.f4 Nd7 19.g6 Ba8 20.gxf7+ Kxf7 21.f5 e5 22.Ne6 d5 23.Nxf8 d4
24.Bxd4 Qxb2+ 25.Kd2 exd4 26.Qxc4+ Kxf8 27.Qxd4 Qb6 28.Ke3 Qxd4+ 29.Rxd4 Ne5
30.Rhd2 Kf7 31.Kf4 Rhe8 32.Nd5 Bxd5 33.Rxd5 Rb1 34.Rf2 Nc4 35.Re2 Rb4 36.Rd4
Rxa4 37.e5 Nb6 38.e6+ Kf6 39.Rxa4 Nxa4 40.h6 Nc3 41.Rh2 g6 42.fxg6 hxg6 43.h7
Rh8 44.Rh3 Nd5+ 45.Ke4 Kxe6 46.Ra3 Nc7 47.Rh3 Kf6 48.c4 Kg7 49.Ke5 Rxh7 50.Re3
Rh4 51.c5 Rc4 52.Kd6 Nb5+ 53.Kc6 Nc3 54.Re7+ Kf6 55.Ra7 Na4 56.Rxa6 Nxc5

[Event "9th EUROPEAN  INDIVIDUAL  WOME"]
[Site "Plovdiv, Bulgaria"]
[Date "2008.04.21"]
[Round "1"]
[Board "1"]
[White "Khropova, Larisa"]
[Black "Klinova, Masha"]
[Result "1/2-1/2"]
[WhiteElo "2069"]
[BlackElo "2318"]
[PlyCount "137"]
[EventDate "2008.04.21"]
[EventRounds "11"]
[EventCountry "BUL"]

1.f4 d5 2.e3 Nf6 3.b3 c5 4.Bb2 Nc6 5.Bb5 Qb6 6.c4 Be6 7.Qc2 dxc4 8.bxc4 O-O-O
9.Bxc6 Qxc6 10.Nf3 Qe4 11.Qxe4 Nxe4 12.Na3 f6 13.Ke2 Rg8 14.d3 Nd6 15.e4 g6
16.Bc1 Bg7 17.Be3 b6 18.h3 Bd7 19.Rhb1 h5 20.Rb3 g5 21.f5 g4 22.hxg4 hxg4 23.Nh4
e6 24.Bf4 Nf7 25.Nb5 Kb7 26.a4 exf5 27.exf5 Bh6 28.Bg3 Rge8+ 29.Kf1 Bd2 30.Ra2
Bb4 31.Nc3 Bc6 32.Ne2 Re3 33.Bf4 Rexd3 34.Rxd3 Rxd3 35.Ng6 Rd1+ 36.Kf2 Nd6
37.Bxd6 Rxd6 38.Ne7 Be4 39.Nf4 Bc3 40.Nfd5 Be5 41.Ke3 Bxd5 42.Nxd5 Rd7 43.Ra3
Kc6 44.Ke4 Rh7 45.Rd3 Rh1 46.Ne7+ Kc7 47.Ng6 Bd4 48.Rg3 Kd6 49.Rxg4 Rc1 50.Nh8
Rxc4 51.Nf7+ Kc6 52.Nd8+ Kd7 53.Kd5 Rxa4 54.Ne6 b5 55.Rg7+ Kc8 56.Kc6 Ra6+
57.Kxb5 Rb6+ 58.Kc4 a5 59.Nxd4 cxd4 60.Kxd4 Ra6 61.Kc3 Kd8 62.Kb3 a4+ 63.Ka3 Ke8
64.g4 Kf8 65.Rg6 Kf7 66.g5 Rd6 67.Kxa4 Rd4+ 68.Kb3 fxg5 69.Rxg5

[Event "9th EUROPEAN  INDIVIDUAL  WOME"]
[Site "Plovdiv, Bulgaria"]
[Date "2008.04.21"]
[Round "1"]
[Board "1"]
[White "Kochetkova, Julia"]
[Black "Ikonomopoulou, Maria"]
[Result "1-0"]
[WhiteElo "2316"]
[BlackElo "2050"]
[PlyCount "120"]
[EventDate "2008.04.21"]
[EventRounds "11"]
[EventCountry "BUL"]

1.e4 c5 2.Nf3 e6 3.c3 d5 4.e5 Nc6 5.d4 Bd7 6.a3 Nh6 7.b4 cxd4 8.cxd4 Rc8 9.Be2
Be7 10.O-O Nf5 11.Bb2 Qb6 12.Qd2 O-O 13.Bd3 Kh8 14.Nc3 Ncxd4 15.Nxd4 Nxd4 16.Qe3
Nb3 17.Qh3 h6 18.Rad1 f5 19.exf6 Bxf6 20.Bb1 Nd4 21.Rd2 Qd6 22.Qd3 Kg8 23.Rfd1
Nf5 24.Qh3 Ne7 25.Ne4 Qf4 26.g3 Qf3 27.Nxf6+ Rxf6 28.Bxf6 Qxf6 29.Qg4 Rc4 30.Qe2
Nc6 31.f4 Rc3 32.Rd3 Rc4 33.Qe3 Re4 34.Qd2 Rc4 35.Ba2 Re4 36.Qf2 Ne7 37.Qxa7 Bb5
38.R3d2 Nf5 39.Qxb7 Nd4 40.Qa8+ Kh7 41.Bb1 Nf3+ 42.Kf2 Nxd2 43.Rxd2 Qf5 44.Qa5
Bc4 45.Qa4 d4 46.Qd7 Rxf4+ 47.gxf4 Qxb1 48.Qxd4 Qf1+ 49.Kg3 h5 50.Qe5 Qg1+
51.Rg2 h4+ 52.Kh3 Bf1 53.Qe4+ Kh8 54.b5 Bxg2+ 55.Qxg2 Qe3+ 56.Kg4 Qxa3 57.b6 Qf8
58.Qe4 Qd8 59.Qxe6 Qd1+ 60.Kxh4 Qd8+

[Event "9th EUROPEAN  INDIVIDUAL  WOME"]
[Site "Plovdiv, Bulgaria"]
[Date "2008.04.21"]
[Round "1"]
[Board "1"]
[White "Bayrak, Asli"]
[Black "Petrenko, Svetlana"]
[Result "0-1"]
[WhiteElo "2031"]
[BlackElo "2314"]
[PlyCount "104"]
[EventDate "2008.04.21"]
[EventRounds "11"]
[EventCountry "BUL"]

1.e4 c6 2.d4 d5 3.exd5 cxd5 4.c4 Nf6 5.Nc3 g6 6.Nf3 Bg7 7.Be2 O-O 8.O-O dxc4
9.Bxc4 Nbd7 10.Re1 Nb6 11.Bb3 e6 12.Bg5 Qd6 13.Qd2 Nbd5 14.Bxd5 Nxd5 15.Ne4 Qb6
16.Bh6 f6 17.Bxg7 Kxg7 18.Nc5 Re8 19.Re4 Qd6 20.Rae1 b6 21.Nd3 Bb7 22.Rh4 Kg8
23.Qh6 Qd7 24.Nd2 Qg7 25.Qxg7+ Kxg7 26.Nf4 g5 27.Nh5+ Kg6 28.Rh3 Nb4 29.Ne4 Nc2
30.Re2 Nxd4 31.Re1 Nc2 32.Re2 Red8 33.f3 Rd1+ 34.Kf2 Nd4 35.Re1 Rxe1 36.Kxe1
Bxe4 37.fxe4 Rc8 38.g4 Rc1+ 39.Kd2 Rc2+ 40.Kd1 Rxb2 41.Ra3 a5 42.h3 Rf2 43.Rd3
e5 44.Rc3 Rxa2 45.Rc7 Rf2 46.Rg7+ Kh6 47.Rg8 a4 48.Ke1 Re2+ 49.Kd1 a3 50.Rf8 Rf2
51.Ke1 Rf3 52.h4 gxh4

[Event "9th EUROPEAN  INDIVIDUAL  WOME"]
[Site "Plovdiv, Bulgaria"]
[Date "2008.04.21"]
[Round "1"]
[Board "1"]
[White "Sharevich, Anna"]
[Black "Stefanova, Milena"]
[Result "1-0"]
[WhiteElo "2311"]
[BlackElo "2029"]
[PlyCount "89"]
[EventDate "2008.04.21"]
[EventRounds "11"]
[EventCountry "BUL"]

1.d4 Nf6 2.c4 g6 3.Nc3 Bg7 4.e4 d6 5.Bg5 O-O 6.Qd2 Re8 7.Be2 Nbd7 8.Nf3 c6 9.O-O
Qc7 10.Rac1 e5 11.d5 Nc5 12.Bxf6 Bxf6 13.b4 Nd7 14.Ne1 Bg7 15.Nd3 f5 16.c5 Nf6
17.f3 fxe4 18.fxe4 Ng4 19.Bxg4 Bxg4 20.Nf2 Bd7 21.dxc6 bxc6 22.cxd6 Qb8 23.Na4
Re6 24.Rcd1 Bf8 25.Nc5 Rxd6 26.Qc3 Be8 27.Ng4 Bg7 28.Qb3+ Kh8 29.Rxd6 Qxd6
30.Rd1 Qe7 31.Qe6 Qc7 32.Qd6 Qxd6 33.Rxd6 Bf7 34.Ne6 Bxe6 35.Rxe6 Rb8 36.a3 a5
37.bxa5 Bf8 38.Rxc6 Rb5 39.Rc8 Kg7 40.Rc7+ Kh8 41.Nf6 Bc5+ 42.Kf1 Rb1+ 43.Ke2
Rb2+ 44.Kd3 Rb3+ 45.Kc4

[Event "9th EUROPEAN  INDIVIDUAL  WOME"]
[Site "Plovdiv, Bulgaria"]
[Date "2008.04.21"]
[Round "1"]
[Board "1"]
[White "Bakalarz, Grazyna"]
[Black "Kadimova, Ilaha"]
[Result "0-1"]
[WhiteElo "2006"]
[BlackElo "2308"]
[PlyCount "69"]
[EventDate "2008.04.21"]
[EventRounds "11"]
[EventCountry "BUL"]

1.d4 d5 2.Nf3 Nf6 3.Bf4 c6 4.c3 Qb6 5.Qb3 Nbd7 6.Nbd2 g6 7.e3 Nh5 8.Bg3 Nxg3
9.hxg3 Bg7 10.e4 O-O 11.exd5 cxd5 12.Qxb6 Nxb6 13.Bd3 Na4 14.Rb1 Bd7 15.Ng5 h6
16.Ngf3 Rfc8 17.Ne5 Bxe5 18.dxe5 Nc5 19.Bc2 Kg7 20.O-O Rc7 21.Nf3 Bg4 22.Nd4 Ne6
23.Nxe6+ Bxe6 24.Rbd1 d4 25.Rxd4 Bxa2 26.Ra1 Be6 27.Be4 a6 28.Rb4 Ra7 29.Rd4 b5
30.Rd8 Bc4 31.Rb8 Rc5 32.e6 f5 33.Bf3 Bxe6 34.Rd8 Bd7 35.Be2 {.....}

[Event "9th EUROPEAN  INDIVIDUAL  WOME"]
[Site "Plovdiv, Bulgaria"]
[Date "2008.04.21"]
[Round "1"]
[Board "1"]
[White "Juergens, Vera"]
[Black "Boyarchenko, Marie"]
[Result "1-0"]
[WhiteElo "2302"]
[BlackElo "1877"]
[PlyCount "43"]
[EventDate "2008.04.21"]
[EventRounds "11"]
[EventCountry "BUL"]

1.d4 d5 2.c4 c6 3.cxd5 cxd5 4.Nc3 Nc6 5.Bf4 a6 6.e3 e6 7.Bd3 Nf6 8.Rc1 Be7 9.h3
Bd7 10.Nf3 b5 11.O-O Qb6 12.Ne5 Na5 13.Nxd7 Nxd7 14.Nxd5 exd5 15.Bc7 Qb7 16.Bxa5
Rc8 17.Rxc8+ Qxc8 18.Qd2 O-O 19.Rc1 Qe8 20.Qc2 g6 21.Qc6 Nf6 22.Qxa6

[Event "9th EUROPEAN  INDIVIDUAL  WOME"]
[Site "Plovdiv, Bulgaria"]
[Date "2008.04.21"]
[Round "1"]
[Board "1"]
[White "Djingarova, Emilia"]
[Black "Galunova, Tsveta"]
[Result "1/2-1/2"]
[WhiteElo "2301"]
[BlackElo "1816"]
[PlyCount "49"]
[EventDate "2008.04.21"]
[EventRounds "11"]
[EventCountry "BUL"]

1.Nf3 Nf6 2.d4 d5 3.c4 c6 4.Nc3 dxc4 5.a4 Bf5 6.e3 e6 7.Bxc4 Bb4 8.O-O O-O 9.Qb3
Qe7 10.Ne5 c5 11.Na2 Ba5 12.Qb5 Qc7 13.Qxc5 Qxc5 14.dxc5 Bc2 15.Nd3 Nc6 16.Nc3
Rfd8 17.Ne1 Bg6 18.Nb5 Ne5 19.Be2 Ne4 20.f4 Nc6 21.g4 Rd5 22.Nf3 Nxc5 23.Nfd4
Be4 24.Nxc6 bxc6 25.Nd4

[Event "9th EUROPEAN  INDIVIDUAL  WOME"]
[Site "Plovdiv, Bulgaria"]
[Date "2008.04.21"]
[Round "1"]
[Board "1"]
[White "Tsarouha, Marianthi"]
[Black "Shaidullina, Sandugach"]
[Result "0-1"]
[WhiteElo "1747"]
[BlackElo "2298"]
[PlyCount "104"]
[EventDate "2008.04.21"]
[EventRounds "11"]
[EventCountry "BUL"]

1.d4 d5 2.c4 c6 3.Nf3 Nf6 4.Nc3 e6 5.Bg5 h6 6.Bxf6 Qxf6 7.e3 Nd7 8.Bd3 dxc4
9.Bxc4 g6 10.Qc2 Bg7 11.O-O O-O 12.Ne4 Qe7 13.a3 e5 14.dxe5 Nxe5 15.Nxe5 Qxe5
16.Nc3 Bf5 17.Qe2 Rad8 18.Rfd1 Qe7 19.Qe1 Qc5 20.Rxd8 Rxd8 21.Be2 Bxc3 22.bxc3
Bc2 23.c4 Qe5 24.Qc1 a5 25.Ra2 Bb3 26.Qb2 Qxb2 27.Rxb2 a4 28.Kf1 Kf8 29.Ke1 Ke7
30.Rd2 Rb8 31.Rd4 c5 32.Re4+ Kd6 33.Rf4 Ke7 34.Re4+ Kf8 35.g4 Rc8 36.Kd2 Rd8+
37.Kc1 Rd6 38.f4 f6 39.f5 g5 40.Bf3 b5 41.Re6 Rxe6 42.fxe6 Bxc4 43.Bc6 Ke7
44.Bd7 b4 45.axb4 cxb4 46.Bxa4 Kxe6 47.Bc2 Ke5 48.Kb2 Be6 49.e4 Kf4 50.h3 Ke3
51.e5 fxe5 52.Bf5 Bd5

[Event "9th EUROPEAN  INDIVIDUAL  WOME"]
[Site "Plovdiv, Bulgaria"]
[Date "2008.04.22"]
[Round "2"]
[Board "1"]
[White "Cramling, Pia"]
[Black "Sedina, Elena"]
[Result "1/2-1/2"]
[WhiteElo "2539"]
[BlackElo "2356"]
[PlyCount "69"]
[EventDate "2008.04.21"]
[EventRounds "11"]
[EventCountry "BUL"]

1.d4 d5 2.Nf3 Nf6 3.c4 c6 4.Nc3 dxc4 5.a4 Bf5 6.e3 e6 7.Ne5 Nbd7 8.Nxd7 Qxd7
9.Bxc4 Bb4 10.Qb3 a5 11.O-O O-O 12.f3 Bg6 13.Rd1 Qc7 14.e4 e5 15.dxe5 Qxe5
16.Ne2 Rad8 17.Bf4 Qe7 18.Kh1 Rxd1+ 19.Rxd1 Rd8 20.Be3 Rxd1+ 21.Qxd1 Nd7 22.Nf4
Bc5 23.Bxc5 Nxc5 24.b3 Nd7 25.Qd2 b6 26.Kg1 Ne5 27.Qd4 Nxc4 28.bxc4 Qc7 29.Nxg6
hxg6 30.e5 Qe7 31.Kf2 Qb4 32.Qd8+ Kh7 33.Qh4+ Kg8 34.Qd8+ Kh7 35.Qh4+

[Event "9th EUROPEAN  INDIVIDUAL  WOME"]
[Site "Plovdiv, Bulgaria"]
[Date "2008.04.22"]
[Round "2"]
[Board "1"]
[White "Gvetadze, Sopio"]
[Black "Muzychuk, Anna"]
[Result "1/2-1/2"]
[WhiteElo "2350"]
[BlackElo "2486"]
[PlyCount "60"]
[EventDate "2008.04.21"]
[EventRounds "11"]
[EventCountry "BUL"]

1.e4 e6 2.d4 d5 3.Nd2 c5 4.exd5 exd5 5.Ngf3 Nf6 6.Bb5+ Bd7 7.Qe2+ Be7 8.O-O O-O
9.dxc5 Re8 10.Nb3 a6 11.Bxd7 Nbxd7 12.Qd3 h6 13.Be3 Qc7 14.c4 Nxc5 15.Bxc5 Bxc5
16.Nxc5 Qxc5 17.cxd5 Rad8 18.Rfe1 Rxe1+ 19.Rxe1 Rxd5 20.Qe2 Rd8 21.h3 Qd5 22.a3
Re8 23.Qc2 Rxe1+ 24.Nxe1 g6 25.Qc1 Kh7 26.Qe3 Ne4 27.Nd3 h5 28.Qf3 Kg7 29.Qe3 a5
30.Ne1 Nd6

[Event "9th EUROPEAN  INDIVIDUAL  WOME"]
[Site "Plovdiv, Bulgaria"]
[Date "2008.04.22"]
[Round "2"]
[Board "1"]
[White "Ushenina, Anna"]
[Black "Majdan, Joanna"]
[Result "1-0"]
[WhiteElo "2474"]
[BlackElo "2338"]
[PlyCount "109"]
[EventDate "2008.04.21"]
[EventRounds "11"]
[EventCountry "BUL"]

1.e4 c5 2.c3 e5 3.Nf3 Nc6 4.Bc4 Qc7 5.O-O Be7 6.Na3 Nf6 7.d4 d6 8.dxc5 dxc5
9.Bg5 O-O 10.Bxf6 Bxf6 11.Nc2 Na5 12.Bd5 c4 13.Ne3 Rb8 14.Qe2 b5 15.b4 Nb7 16.a4
a6 17.axb5 axb5 18.Ra7 Bd8 19.Rfa1 Qd6 20.Rd1 Qf6 21.Ra2 g6 22.Rad2 Bb6 23.Bxb7
Bxe3 24.Rd6 Be6 25.Qxe3 Rxb7 26.Qc5 Ra8 27.Nxe5 Kg7 28.h3 Rba7 29.R6d2 Ra1
30.Qd4 h5 31.Kf1 Rxd1+ 32.Rxd1 Ra2 33.Nf3 Rc2 34.Ne5 Kh7 35.Ke1 Qg5 36.g3 h4
37.Nf3 Qh5 38.g4 Bxg4 39.hxg4 Qxg4 40.Qe3 Qg2 41.Nd2 h3 42.Qf3 Rxc3 43.Qxc3 h2
44.Ke2 h1=Q 45.Rxh1+ Qxh1 46.Qf3 Qc1 47.Qxf7+ Kh6 48.Qf4+ Kh7 49.Qc7+ Kh6
50.Qh2+ Kg7 51.Qe5+ Kg8 52.Qxb5 c3 53.Qc4+ Kg7 54.Nb3 Qc2+ 55.Ke3

[Event "9th EUROPEAN  INDIVIDUAL  WOME"]
[Site "Plovdiv, Bulgaria"]
[Date "2008.04.22"]
[Round "2"]
[Board "1"]
[White "Pogonina, Natalija"]
[Black "Sandu, Mihaela"]
[Result "1/2-1/2"]
[WhiteElo "2470"]
[BlackElo "2325"]
[PlyCount "124"]
[EventDate "2008.04.21"]
[EventRounds "11"]
[EventCountry "BUL"]

1.e4 c5 2.Nf3 e6 3.d4 cxd4 4.Nxd4 Nf6 5.Nc3 d6 6.Be2 Nc6 7.O-O Be7 8.Kh1 Bd7
9.f4 Nxd4 10.Qxd4 Bc6 11.Bf3 O-O 12.a4 d5 13.e5 Ne4 14.Bxe4 dxe4 15.Qe3 f5
16.exf6 Bxf6 17.Nxe4 Qd5 18.Nxf6+ Rxf6 19.Rg1 Rd8 20.Qe2 Rg6 21.Be3 h5 22.b4 Qe4
23.b5 Bd5 24.c4 Bxc4 25.Qxh5 Rd3 26.Rae1 Bd5 27.Bxa7 Qf5 28.Qxf5 exf5 29.Re2 Ra3
30.Rd1 Be4 31.Bc5 Rxa4 32.b6 Bc6 33.h3 Rxf4 34.Kh2 Rc4 35.Bd6 Be4 36.Bc7 Bc6
37.Rf2 Rc5 38.Rd4 Rb5 39.Rd8+ Kh7 40.Rd4 Kg8 41.Rd8+ Kh7 42.Rdd2 Re6 43.Rfe2
Rxe2 44.Rxe2 g5 45.Re7+ Kg8 46.Re2 Kf7 47.Bd8 f4 48.Bc7 Kg6 49.Rf2 Kh5 50.Re2
Rb3 51.Rf2 f3 52.gxf3 Bxf3 53.Bd8 Be4 54.Rf8 Rb2+ 55.Kg1 Rg2+ 56.Kf1 Rg3 57.Kf2
Rg2+ 58.Ke3 Bc6 59.Rg8 Kh6 60.Rf8 Kg7 61.Rf5 Kg6 62.Rf6+ Kg7

[Event "9th EUROPEAN  INDIVIDUAL  WOME"]
[Site "Plovdiv, Bulgaria"]
[Date "2008.04.22"]
[Round "2"]
[Board "1"]
[White "Demina, Julia"]
[Black "Cmilyte, Viktorija"]
[Result "0-1"]
[WhiteElo "2337"]
[BlackElo "2466"]
[PlyCount "182"]
[EventDate "2008.04.21"]
[EventRounds "11"]
[EventCountry "BUL"]

1.d4 Nf6 2.Nf3 g6 3.c4 Bg7 4.g3 d5 5.cxd5 Nxd5 6.Bg2 O-O 7.O-O Nb6 8.Nc3 Nc6
9.d5 Na5 10.Qc2 c6 11.dxc6 Nxc6 12.Rd1 Qe8 13.a3 Bf5 14.e4 Bg4 15.h3 Bxf3
16.Bxf3 Nd4 17.Qd3 Rd8 18.Rb1 Nxf3+ 19.Qxf3 Rxd1+ 20.Qxd1 Qc6 21.Be3 e6 22.Bxb6
Qxb6 23.Qc2 Rc8 24.Rd1 h5 25.Rd7 Qc6 26.Qd1 Bxc3 27.bxc3 Qxc3 28.Rxb7 h4 29.Rb3
Qe5 30.Qg4 hxg3 31.Rxg3 Rc1+ 32.Kg2 Re1 33.Qh4 Rxe4 34.Rg4 Rxg4+ 35.Qxg4 Qd5+
36.Kg1 a5 37.Qf4 Kg7 38.h4 e5 39.Qa4 e4 40.Qc2 Qe5 41.Kg2 Qd4 42.a4 Qe5 43.Qc4
Qf5 44.Qc3+ Kh7 45.Kg3 f6 46.Qa3 Qe5+ 47.Kh3 Kg7 48.Qe3 Qf5+ 49.Kg3 g5 50.Qa7+
Kg6 51.hxg5 Qxg5+ 52.Kh2 Qh5+ 53.Kg2 Qf3+ 54.Kh2 Qf4+ 55.Kg2 Qe5 56.Qa8 f5
57.Qg8+ Kh6 58.Qd8 Qg7+ 59.Kh2 Qe5+ 60.Kg2 Kg6 61.Qg8+ Qg7 62.Qd5 Kf6+ 63.Kf1
Qc7 64.Kg2 Qe5 65.Qd8+ Kf7 66.Qd7+ Kg6 67.Qd8 f4 68.Qg8+ Kh6 69.Kf1 Qa1+ 70.Ke2
Qb2+ 71.Kd1 Qd4+ 72.Ke1 Qc3+ 73.Kd1 Qd3+ 74.Ke1 Qb1+ 75.Kd2 Qb2+ 76.Kd1 Qxf2
77.Qe6+ Kg5 78.Qxe4 f3 79.Kc1 Qc5+ 80.Kd1 Qd6+ 81.Kc2 Qf4 82.Qe7+ Kg4 83.Qg7+
Kh3 84.Qh7+ Kg2 85.Qg6+ Qg3 86.Qe4 Kg1 87.Kd1 f2 88.Qd4 Kg2 89.Qd2 Qb3+ 90.Kc1
Qa3+ 91.Kb1 Qb4+

[Event "9th EUROPEAN  INDIVIDUAL  WOME"]
[Site "Plovdiv, Bulgaria"]
[Date "2008.04.22"]
[Round "2"]
[Board "1"]
[White "Romanko, Marina"]
[Black "Peng, Zhaoqin"]
[Result "1/2-1/2"]
[WhiteElo "2325"]
[BlackElo "2455"]
[PlyCount "97"]
[EventDate "2008.04.21"]
[EventRounds "11"]
[EventCountry "BUL"]

1.d4 Nf6 2.c4 e6 3.Nf3 Bb4+ 4.Nbd2 d5 5.a3 Be7 6.e3 O-O 7.Bd3 c5 8.cxd5 exd5
9.dxc5 a5 10.Qc2 Qc7 11.b3 Nbd7 12.Bb2 Nxc5 13.O-O Ne6 14.Qxc7 Nxc7 15.Nd4 g6
16.Rfc1 Na6 17.Nb5 Nd7 18.Be2 Ndc5 19.Bd4 Be6 20.Nc7 Rac8 21.Nxa6 Nxa6 22.Bxa6
bxa6 23.Bb2 Bf5 24.Rxc8 Rxc8 25.Rc1 Rxc1+ 26.Bxc1 Bc2 27.Bb2 h5 28.g3 g5 29.Kf1
g4 30.Kg2 f5 31.h3 Kf7 32.hxg4 hxg4 33.Kf1 Ke6 34.Ke2 Kd7 35.a4 Bb4 36.Bf6 Ke6
37.Bd4 Bd6 38.Bc3 Bc7 39.Bd4 Be5 40.Ke1 Bf6 41.Kf1 Bxd4 42.exd4 f4 43.Ke1 Kf5
44.Ke2 Kg5 45.Ke1 Kf6 46.Ke2 Kf5 47.Ke1 f3 48.Kf1 Bd1 49.Kg1

[Event "9th EUROPEAN  INDIVIDUAL  WOME"]
[Site "Plovdiv, Bulgaria"]
[Date "2008.04.22"]
[Round "2"]
[Board "1"]
[White "Paehtz, Elisabeth"]
[Black "Kochetkova, Julia"]
[Result "1/2-1/2"]
[WhiteElo "2449"]
[BlackElo "2316"]
[PlyCount "144"]
[EventDate "2008.04.21"]
[EventRounds "11"]
[EventCountry "BUL"]

1.e4 c5 2.c3 Nf6 3.e5 Nd5 4.Bc4 Nb6 5.Bb3 c4 6.Bc2 Nc6 7.Nf3 Qc7 8.Qe2 g5 9.h3
Bg7 10.O-O g4 11.hxg4 Nxe5 12.Re1 d6 13.Nxe5 Bxe5 14.d4 cxd3 15.Bxd3 h6 16.Na3
a6 17.Nc2 Be6 18.Be3 Nd5 19.Nd4 Bxd4 20.Bxd4 Rg8 21.Qf3 O-O-O 22.Bf5 Qd7 23.Qe4
Rg5 24.Bxe6 Qxe6 25.f3 Qxe4 26.Rxe4 f5 27.gxf5 Rxf5 28.c4 Nf4 29.Rxe7 Rg8 30.g4
h5 31.Rg7 Rxg7 32.Bxg7 hxg4 33.fxg4 Rg5 34.Bf6 Rxg4+ 35.Kf2 Ne6 36.Ke3 Rxc4
37.Rh1 d5 38.Rh5 Re4+ 39.Kd2 Rf4 40.Be5 Rf7 41.Ke3 Kd7 42.Bd4 Kd6 43.Rh6 Rf5
44.b4 Rf1 45.a4 Re1+ 46.Kd2 Re4 47.Bc5+ Kc6 48.Kc3 a5 49.Bf8 Kd7 50.Rh7+ Kc8
51.Rh8 Nxf8 52.Rxf8+ Kc7 53.Rf7+ Kb8 54.bxa5 Rxa4 55.Rd7 Rxa5 56.Kb4 b6 57.Kc3
Kc8 58.Rh7 Ra4 59.Rh5 Rc4+ 60.Kd3 Rc5 61.Rh7 Rc7 62.Rh5 Rd7 63.Kd4 Kb7 64.Rh1
Rc7 65.Kxd5 b5 66.Rh6 Ka7 67.Rg6 Rb7 68.Kc5 b4 69.Kc4 b3 70.Rg1 b2 71.Rb1 Ka6
72.Kc3 Rb8

[Event "9th EUROPEAN  INDIVIDUAL  WOME"]
[Site "Plovdiv, Bulgaria"]
[Date "2008.04.22"]
[Round "2"]
[Board "1"]
[White "Petrenko, Svetlana"]
[Black "Dzagnidze, Nana"]
[Result "0-1"]
[WhiteElo "2314"]
[BlackElo "2443"]
[PlyCount "117"]
[EventDate "2008.04.21"]
[EventRounds "11"]
[EventCountry "BUL"]

1.e4 c5 2.Nf3 e6 3.c3 d5 4.Bd3 dxe4 5.Bxe4 Nf6 6.Bc2 Nc6 7.O-O Be7 8.Qe2 O-O
9.h3 Qc7 10.Na3 Rd8 11.d4 a6 12.dxc5 Bxc5 13.Nc4 b5 14.Ncd2 Bb7 15.Nb3 Be7
16.Bg5 b4 17.c4 a5 18.Nbd2 h6 19.Be3 Nh5 20.g3 Ne5 21.Nxe5 Qxe5 22.Nf3 Qc7
23.Kh2 Qc6 24.Ne1 Nf6 25.f3 Bc5 26.b3 a4 27.Rd1 Rxd1 28.Bxd1 Nd7 29.Nd3 Bd6
30.Qd2 Qc7 31.Bf2 axb3 32.axb3 Ne5 33.Nxe5 Bxe5 34.Be2 Bc3 35.Qc2 Qe5 36.Rd1 Bc6
37.Kg2 g5 38.Bd3 f5 39.Be2 h5 40.g4 hxg4 41.hxg4 fxg4 42.Qg6+ Kf8 43.Qh6+ Ke7
44.Qh7+ Qg7 45.Bc5+ Kf6 46.Qd3 Be5 47.Bd6 gxf3+ 48.Bxf3 Ra2+ 49.Kf1 Bxd6 50.Bxc6
Qa7 51.Qf3+ Bf4 52.Be4 Rb2 53.Rb1 Rh2 54.Rd1 Ke7 55.Bc6 Qc5 56.Rd7+ Kf6 57.Be4
Qe5 58.Qd3 Rd2 59.Ke1